00589cam a22001692 4500001001100000005001700011008004100028040001500069110006100084245007900145250001300224260004200237300001900279610006100298610005700359852000300416000002479420151217155916.0140212s xx 000 0 eng d aKABUcKABU2 aKenya.bMinistry of Devolution and Planning.@000018505810aGarissa County development profile /cMinistry of Devolution and Planning. a1st ed. aNairobi :bGovernment Printer,c2013. axviii, 126 p.20aGarissa County (Kenya)xEconomic conditions.@000018506520aGarissa County (Kenya)xEconomic policy.@00001850651